Image: Stills from Hundred Glorius Years of Cotton College / (Record no. 39593)
[ view plain ]
| 000 -LEADER | |
|---|---|
| fixed length control field | 00848nam a2200301Ia 4500 |
| 001 - CONTROL NUMBER | |
| control field | 39621 |
| 005 - DATE AND TIME OF LATEST TRANSACTION | |
| control field | 20240114002100.0 |
| 007 - PHYSICAL DESCRIPTION FIXED FIELD--GENERAL INFORMATION | |
| fixed length control field | ta |
| 008 - FIXED-LENGTH DATA ELEMENTS--GENERAL INFORMATION | |
| fixed length control field | 070831s2002 a g b000 u 465 u |
| 040 ## - CATALOGING SOURCE | |
| Original cataloging agency | Cotton College,Assam |
| 041 ## - LANGUAGE CODE | |
| Language code of text/sound track or separate title | 465 |
| 082 ## - DEWEY DECIMAL CLASSIFICATION NUMBER | |
| Classification number | 070.175 |
| Item number | Ha 124 Im |
| 100 ## - MAIN ENTRY--PERSONAL NAME | |
| Personal name | Hazarika, Pradip . |
| 245 #0 - TITLE STATEMENT | |
| Title | Image: Stills from Hundred Glorius Years of Cotton College / |
| Statement of responsibility, etc. | Pradip Hazarika....(et al). |
| Medium | Monographic Serials |
| 250 ## - EDITION STATEMENT | |
| Edition statement | 1st ed. / |
| 260 ## - PUBLICATION, DISTRIBUTION, ETC. | |
| Place of publication, distribution, etc. | Guwahati : |
| Name of publisher, distributor, etc. | Pradip Hazarika , |
| Date of publication, distribution, etc. | 2002. |
| 300 ## - PHYSICAL DESCRIPTION | |
| Extent | 260p. : |
| Other physical details | ill ; |
| Dimensions | 28cm . |
| 500 ## - GENERAL NOTE | |
| General note | 50/Mag |
| 653 ## - INDEX TERM--UNCONTROLLED | |
| Uncontrolled term | Magazine-Cotton College |
| 653 ## - INDEX TERM--UNCONTROLLED | |
| Uncontrolled term | Image-Cotton College |
| 653 ## - INDEX TERM--UNCONTROLLED | |
| Uncontrolled term | Reference-Magazine |
| 700 ## - ADDED ENTRY--PERSONAL NAME | |
| Personal name | Barthakur, A . |
| 700 ## - ADDED ENTRY--PERSONAL NAME | |
| Personal name | Nath, S.K. . |
| 700 ## - ADDED ENTRY--PERSONAL NAME | |
| Personal name | Dutta, A . |
| 942 ## - ADDED ENTRY ELEMENTS (KOHA) | |
| Source of classification or shelving scheme | Dewey Decimal Classification |
| Koha item type | Books |
| Withdrawn status | Lost status | Damaged status | Not for loan | Collection | Home library | Current library | Date acquired | Coded location qualifier | Total checkouts | Full call number | Barcode | Date last seen | Copy number | Price effective from | Koha item type |
|---|---|---|---|---|---|---|---|---|---|---|---|---|---|---|---|
| Not for loan | Dr. Suryya Kumar Bhuyan Library | Dr. Suryya Kumar Bhuyan Library | 01/02/2012 | 00000 | 070.175 Ha 124 Im | 50/Mag | 14/01/2024 | 1 | 01/02/2012 | Books |
